000 00480nam a2200181Ia 4500
008 100920s9999 xx 000 0 und d
082 _b52306
_a891.463.1 0
100 _aबागुल चारूदत्त.
245 _aदिलदार.
260 _b---
_c0
300 _a174
_bसाधी
365 _b22
520 _aलघुकथा.
630 _aदिलदार.
650 _aलघुकथा.
730 _aदिलदार.
942 _cBOOK
999 _c697720
_d697717